[Event "Cambridge op 2nd"]
[Site "Cambridge"]
[Date "2024.02.22"]
[Round "6"]
[White "Shafi, Declan"]
[Black "Myall, Ivan J"]
[Result "1-0"]
[WhiteElo "2231"]
[BlackElo "1951"]
[PlyCount "75"]
[EventDate "2024.02.19"]
[EventType "swiss"]
[EventRounds "9"]
[EventCountry "ENG"]
[SourceTitle "CB09_2024"]
[SourceDate "2024.02.28"]
[SourceVersion "1"]
[SourceVersionDate "2024.02.28"]
[SourceQuality "1"]

1. Nf3 d5 2. g3 Nf6 3. Bg2 c6 4. 0-0 Bf5 5. d3 Nbd7 6. Nh4 Bg6 7. c4 e6 8. cxd5 Nxd5 9. e4 N5b6 10. d4 Be7 11. Nxg6 hxg6 12. Nc3 Nf6 13. a4 a5 14. h3 Bb4 15. Na2 Qe7 16. Qb3 Rd8 17. Be3 Nbd7 18. Nxb4 Qxb4 19. Qxb4 axb4 20. f4 Nb8 21. Rac1 0-0 22. Rfd1 Na6 23. g4 Rfe8 24. Kf2 Re7 25. g5 Ne8 26. d5 cxd5 27. exd5 e5 28. fxe5 Rxe5 29. Bf4 Rf5 30. Kg3 Nd6 31. h4 f6 32. Re1 fxg5 33. hxg5 Rff8 34. Bxd6 Rxd6 35. Bh3 Rf5 36. Bxf5 gxf5 37. Re5 g6 38. Re7 1-0

[Event "Cambridge op 2nd"]
[Site "Cambridge"]
[Date "2024.02.20"]
[Round "3"]
[White "Woltery, Nicolai"]
[Black "Shafi, Declan"]
[Result "1-0"]
[WhiteElo "1979"]
[BlackElo "2231"]
[PlyCount "67"]
[EventDate "2024.02.19"]
[EventType "swiss"]
[EventRounds "9"]
[EventCountry "ENG"]
[SourceTitle "CB09_2024"]
[SourceDate "2024.02.28"]
[SourceVersion "1"]
[SourceVersionDate "2024.02.28"]
[SourceQuality "1"]

1. c4 Nf6 2. Nc3 e5 3. Nf3 Nc6 4. e4 Bc5 5. Nxe5 Nxe5 6. d4 Bxd4 7. Qxd4 d6 8. Be2 0-0 9. 0-0 Be6 10. b3 Nfd7 11. Bb2 Nc6 12. Qe3 Nc5 13. f4 f5 14. e5 Qe7 15. exd6 cxd6 16. b4 Nd7 17. b5 Bf7 18. Qd2 Nd8 19. Nd5 Bxd5 20. Qxd5+ Nf7 21. Bd3 Nf6 22. Bxf6 Qxf6 23. Bxf5 Rfe8 24. Rae1 g6 25. Be6 Rad8 26. f5 g5 27. Qxb7 Re7 28. Bxf7+ Rxf7 29. Qd5 Qc3 30. Re7 Rdf8 31. f6 h6 32. Qe4 Rxe7 33. Qxe7 Rf7 34. Qe8+ 1-0

[Event "Cambridge op 2nd"]
[Site "Cambridge"]
[Date "2024.02.19"]
[Round "2"]
[White "Shafi, Declan"]
[Black "Hanley, Craig"]
[Result "0-1"]
[WhiteElo "2231"]
[BlackElo "2431"]
[PlyCount "74"]
[EventDate "2024.02.19"]
[EventType "swiss"]
[EventRounds "9"]
[EventCountry "ENG"]
[SourceTitle "CB09_2024"]
[SourceDate "2024.02.28"]
[SourceVersion "1"]
[SourceVersionDate "2024.02.28"]
[SourceQuality "1"]

1. d4 g6 2. Nf3 Bg7 3. g3 b5 4. Bg2 Bb7 5. 0-0 Nf6 6. Qd3 a6 7. Nbd2 0-0 8. e4 d6 9. Re1 c5 10. c4 Nc6 11. d5 bxc4 12. Nxc4 Na5 13. Bd2 Nxc4 14. Qxc4 Qb6 15. Bc3 a5 16. Qb3 Qc7 17. Nd2 Rfb8 18. Qc2 Nd7 19. Nc4 a4 20. Rab1 Ba6 21. Bxg7 Kxg7 22. Qxa4 Rb4 23. Qc6 Qd8 24. Nxd6 Rb6 25. Nxf7 Kxf7 26. e5 Rxc6 27. e6+ Kg7 28. dxc6 Nf6 29. c7 Qc8 30. Bxa8 Qxa8 31. Rbc1 Qc6 32. b4 Bb7 33. Kf1 Qg2+ 34. Ke2 Ba6+ 35. Kd1 Qd5+ 36. Kc2 Qxa2+ 37. Kc3 Nd5# 0-1

[Event "BCF-chT 2324 (4NCL)"]
[Site "England"]
[Date "2023.11.12"]
[Round "2.4"]
[White "Shafi, Declan"]
[Black "Durak, Can"]
[Result "0-1"]
[WhiteElo "2194"]
[BlackElo "2310"]
[PlyCount "102"]
[EventDate "2023.11.11"]
[EventType "team-tourn"]
[EventRounds "11"]
[EventCountry "ENG"]
[SourceTitle "CB46_2023"]
[SourceDate "2023.11.15"]
[SourceVersion "1"]
[SourceVersionDate "2023.11.15"]
[SourceQuality "1"]
[WhiteTeam "Alba"]
[BlackTeam "Wood Green Youth"]
[WhiteTeamCountry "ENG"]
[BlackTeamCountry "ENG"]

1. Nf3 d5 2. g3 Bg4 3. Bg2 Nd7 4. d4 c6 5. 0-0 Ngf6 6. c4 e6 7. b3 a5 8. Nc3 Bd6 9. Bb2 0-0 10. Re1 Re8 11. Rc1 dxc4 12. bxc4 e5 13. c5 Bc7 14. Nxe5 Nxe5 15. dxe5 Bxe5 16. Qc2 Qe7 17. Na4 Rad8 18. Rb1 Bc8 19. Nb6 Bg4 20. e4 Bxb2 21. Rxb2 Nd5 22. Nxd5 Rxd5 23. Rc1 Rd4 24. f3 Bc8 25. Qc3 Qd8 26. Bf1 Re7 27. Bc4 Red7 28. Rcc2 h5 29. Qe3 Qe7 30. Be2 h4 31. Rb3 Qd8 32. Rcc3 Rd2 33. Ra3 Rxe2 34. Qxe2 Rd1+ 35. Kf2 Rd2 36. Rd3 Rxe2+ 37. Kxe2 Qc7 38. Kf2 hxg3+ 39. hxg3 b6 40. Rac3 Be6 41. Rd2 bxc5 42. Rxc5 Qa7 43. Rdc2 Bxa2 44. Kg2 Bb3 45. R2c3 Ba4 46. e5 Bb5 47. f4 a4 48. Rc1 Qd7 49. R1c2 Qd4 50. R5c3 a3 51. Kh2 a2 0-1

[Event "Cambridge op"]
[Site "Cambridge"]
[Date "2023.02.19"]
[Round "9"]
[White "Shafi, Declan"]
[Black "Turner, Matthew"]
[Result "1/2-1/2"]
[WhiteElo "2201"]
[BlackElo "2455"]
[PlyCount "34"]
[EventDate "2023.02.15"]
[EventType "swiss"]
[EventRounds "9"]
[EventCountry "ENG"]
[SourceTitle "CBM 212 Extra"]
[Source "ChessBase"]
[SourceDate "2023.03.31"]
[SourceVersion "1"]
[SourceVersionDate "2023.03.31"]
[SourceQuality "1"]

1. c4 Nf6 2. Nc3 e6 3. e4 d5 4. e5 Ne4 5. Nxe4 dxe4 6. Qg4 Nc6 7. Qxe4 Qd4 8. Qxd4 Nxd4 9. Rb1 Bd7 10. Nf3 Nxf3+ 11. gxf3 Bc6 12. Be2 0-0-0 13. Rg1 g6 14. b3 Rd7 15. d3 Bb4+ 16. Bd2 Bxd2+ 17. Kxd2 h5 1/2-1/2

[Event "Cambridge op"]
[Site "Cambridge"]
[Date "2023.02.18"]
[Round "8"]
[White "Adams, Michael"]
[Black "Shafi, Declan"]
[Result "1-0"]
[WhiteElo "2688"]
[BlackElo "2201"]
[PlyCount "107"]
[EventDate "2023.02.15"]
[EventType "swiss"]
[EventRounds "9"]
[EventCountry "ENG"]
[SourceTitle "CBM 212 Extra"]
[Source "ChessBase"]
[SourceDate "2023.03.31"]
[SourceVersion "1"]
[SourceVersionDate "2023.03.31"]
[SourceQuality "1"]

1. e4 e5 2. Nf3 Nc6 3. Bb5 a6 4. Ba4 Nf6 5. 0-0 Be7 6. d3 b5 7. Bb3 d6 8. a4 Bd7 9. c3 0-0 10. Bc2 Re8 11. Re1 Bf8 12. Nbd2 Ne7 13. d4 Ng6 14. Nf1 c5 15. d5 c4 16. Ng3 Rb8 17. Bd2 Bc8 18. Ra2 Nd7 19. Qe2 Nc5 20. axb5 axb5 21. Rea1 Nf4 22. Qd1 Nfd3 23. Ne1 Nf4 24. Nf1 Qg5 25. Kh1 Qg6 26. Ng3 h5 27. f3 h4 28. Nf5 Qh5 29. Ne3 g6 30. Ra7 Re7 31. Ng4 Qh8 32. Be3 Rxa7 33. Rxa7 Rb7 34. Ra8 Rc7 35. Qd2 g5 36. Kg1 f6 37. Bxc5 Rxc5 38. Ra7 f5 39. exf5 Rxd5 40. Qe3 Rc5 41. f6 Bxg4 42. Bh7+ Qxh7 43. Rxh7 Kxh7 44. Qe4+ Kg8 45. fxg4 Kf7 46. Nf3 Ne6 47. Qh7+ Kxf6 48. Qf5+ Ke7 49. Nxg5 Nxg5 50. Qxg5+ Kd7 51. Qxh4 Be7 52. g5 e4 53. Qg4+ Kc7 54. g6 1-0

[Event "Cambridge op"]
[Site "Cambridge"]
[Date "2023.02.18"]
[Round "7"]
[White "Shafi, Declan"]
[Black "Hebden, Mark"]
[Result "1-0"]
[WhiteElo "2201"]
[BlackElo "2454"]
[PlyCount "115"]
[EventDate "2023.02.15"]
[EventType "swiss"]
[EventRounds "9"]
[EventCountry "ENG"]
[SourceTitle "CBM 212 Extra"]
[Source "ChessBase"]
[SourceDate "2023.03.31"]
[SourceVersion "1"]
[SourceVersionDate "2023.03.31"]
[SourceQuality "1"]

1. d4 Nf6 2. Nf3 g6 3. g3 Bg7 4. Bg2 c5 5. 0-0 0-0 6. dxc5 Qc7 7. Be3 Na6 8. Nc3 Nxc5 9. Nb5 Qb6 10. c4 Ng4 11. b4 Nxe3 12. bxc5 Qxc5 13. fxe3 Qxc4 14. Nfd4 a6 15. Rc1 Qxa2 16. Nc7 Rb8 17. Qd3 Qa5 18. Nd5 Qd8 19. Qc4 e6 20. Qc7 Qxc7 21. Ne7+ Kh8 22. Rxc7 d5 23. Rfc1 e5 24. Rxc8 exd4 25. Bxd5 Bh6 26. Rxb8 Bxe3+ 27. Kg2 Rxb8 28. Rc8+ Rxc8 29. Nxc8 b5 30. Nd6 f5 31. Ne8 a5 32. Nd6 a4 33. Nxb5 Kg7 34. Ba2 Kf6 35. Bb1 h5 36. Bc2 g5 37. Bxa4 Ke5 38. Na3 Bc1 39. Nc2 h4 40. gxh4 g4 41. Bc6 f4 42. Ne1 Be3 43. Nd3+ Kf6 44. Bd7 f3+ 45. exf3 gxf3+ 46. Kxf3 Kg6 47. Kg4 Kh6 48. h3 Bg1 49. Bf5 Be3 50. h5 Kg7 51. Ne5 Kh6 52. Bd3 Bd2 53. Nf3 Be3 54. Nh4 Kg7 55. Nf5+ Kh8 56. h6 Bd2 57. Kh5 Bb4 58. Nxd4 1-0

[Event "Cambridge op"]
[Site "Cambridge"]
[Date "2023.02.17"]
[Round "6"]
[White "Waller, Dan"]
[Black "Shafi, Declan"]
[Result "0-1"]
[WhiteElo "2117"]
[BlackElo "2201"]
[PlyCount "48"]
[EventDate "2023.02.15"]
[EventType "swiss"]
[EventRounds "9"]
[EventCountry "ENG"]
[SourceTitle "CBM 212 Extra"]
[Source "ChessBase"]
[SourceDate "2023.03.31"]
[SourceVersion "1"]
[SourceVersionDate "2023.03.31"]
[SourceQuality "1"]

1. e4 e5 2. Nc3 Nf6 3. f4 d5 4. fxe5 Nxe4 5. Qf3 Nc6 6. Bb5 Nxc3 7. dxc3 Qh4+ 8. g3 Qe4+ 9. Qxe4 dxe4 10. Bxc6+ bxc6 11. Ne2 Be7 12. Rf1 h5 13. Rf4 h4 14. g4 h3 15. Nd4 Bh4+ 16. Kf1 Bg3 17. Rxe4 Bxh2 18. Nf3 Bg3 19. Bf4 Bxg4 20. Nh2 Bf5 21. Rd4 c5 22. Ra4 Rh4 23. Bxg3 Rxa4 24. b3 Ra6 0-1

[Event "Cambridge op"]
[Site "Cambridge"]
[Date "2023.02.16"]
[Round "3"]
[White "Shafi, Declan"]
[Black "Gamal, Alaa"]
[Result "1-0"]
[WhiteElo "2201"]
[BlackElo "1725"]
[PlyCount "103"]
[EventDate "2023.02.15"]
[EventType "swiss"]
[EventRounds "9"]
[EventCountry "ENG"]
[SourceTitle "CBM 212 Extra"]
[Source "ChessBase"]
[SourceDate "2023.03.31"]
[SourceVersion "1"]
[SourceVersionDate "2023.03.31"]
[SourceQuality "1"]

1. d4 d5 2. Nf3 Nf6 3. g3 Bg4 4. Bg2 Bxf3 5. Bxf3 e6 6. 0-0 Bd6 7. c4 c6 8. Nc3 Nbd7 9. e4 dxe4 10. Nxe4 Nxe4 11. Bxe4 Nf6 12. Bg2 0-0 13. Bd2 e5 14. Bc3 exd4 15. Qxd4 Qc7 16. Rfe1 Rfe8 17. Rxe8+ Rxe8 18. Qxa7 Be5 19. Bxe5 Rxe5 20. Qd4 Qe7 21. Bf3 Nd7 22. Kg2 Kf8 23. Rd1 Nf6 24. a3 Ke8 25. Qa7 Qc7 26. Qa8+ Ke7 27. Qh8 g6 28. b4 h5 29. Qh6 Qc8 30. Qf4 Qe6 31. h4 Rf5 32. Qc7+ Kf8 33. Qd6+ Qxd6 34. Rxd6 Ke7 35. Rd1 Re5 36. a4 c5 37. Bxb7 cxb4 38. Rb1 Kd6 39. Rxb4 Nd7 40. Bd5 f6 41. a5 Re2 42. Ra4 Nc5 43. Ra3 Na6 44. Re3 Rxe3 45. fxe3 Kc7 46. Bf7 g5 47. Bxh5 Nb4 48. Be8 Nc2 49. Kf2 Na3 50. Bb5 Nc2 51. h5 Nb4 52. Ke2 1-0

[Event "BCF-chT2 2223 (4NCL)"]
[Site "England"]
[Date "2023.02.11"]
[Round "5.42"]
[White "Onslow, Alfie"]
[Black "Shafi, Declan"]
[Result "1-0"]
[WhiteElo "2227"]
[BlackElo "2177"]
[PlyCount "101"]
[EventDate "2022.10.22"]
[EventType "team-tourn"]
[EventRounds "11"]
[EventCountry "ENG"]
[SourceTitle "EXT 2024"]
[Source "ChessBase"]
[SourceDate "2023.10.10"]
[SourceVersion "1"]
[SourceVersionDate "2023.10.10"]
[SourceQuality "1"]
[WhiteTeam "The Sharks II"]
[BlackTeam "Alba"]
[WhiteTeamCountry "ENG"]
[BlackTeamCountry "ENG"]

1. e4 e5 2. Nf3 Nc6 3. Bc4 Bc5 4. c3 Nf6 5. d3 0-0 6. 0-0 a5 7. Re1 d6 8. h3 h6 9. Nbd2 Be6 10. Bb5 Qb8 11. Nf1 Qa7 12. Re2 a4 13. Ng3 Qa5 14. Bxc6 bxc6 15. d4 Ba7 16. Be3 Rfe8 17. Qc1 Kh7 18. Nh4 Qb5 19. Rc2 exd4 20. cxd4 Bd7 21. f3 g6 22. Qd2 Nh5 23. Nhf5 Nxg3 24. Nxg3 h5 25. Rac1 Bb6 26. Ne2 Qa5 27. Nc3 Be6 28. Qf2 Qb4 29. Rd2 a3 30. b3 Ra5 31. Ne2 c5 32. d5 Bd7 33. Rdc2 Raa8 34. Rc4 Qa5 35. Nc3 Qa6 36. Qh4 Kg7 37. Qg5 Rh8 38. e5 Rae8 39. Qf6+ Kg8 40. e6 Bxe6 41. dxe6 Rxe6 42. Qf4 Kg7 43. Nd5 Qa8 44. Rd1 Qd8 45. Re4 Ba5 46. b4 c6 47. bxa5 cxd5 48. Rxd5 Rf6 49. Qh4 Re6 50. Qxd8 Rxd8 51. Bxc5 1-0

[Event "BCF-chT2 2223 (4NCL)"]
[Site "England"]
[Date "2023.01.15"]
[Round "4.41"]
[White "Taylor, Adam A"]
[Black "Shafi, Declan"]
[Result "1-0"]
[WhiteElo "2259"]
[BlackElo "2177"]
[PlyCount "169"]
[EventDate "2022.10.22"]
[EventType "team-tourn"]
[EventRounds "11"]
[EventCountry "ENG"]
[SourceTitle "EXT 2024"]
[Source "ChessBase"]
[SourceDate "2023.10.10"]
[SourceVersion "1"]
[SourceVersionDate "2023.10.10"]
[SourceQuality "1"]
[WhiteTeam "North East England"]
[BlackTeam "Alba"]
[WhiteTeamCountry "ENG"]
[BlackTeamCountry "ENG"]

1. Nf3 Nf6 2. g3 g6 3. Bg2 Bg7 4. d4 d5 5. 0-0 0-0 6. c4 c6 7. cxd5 cxd5 8. Nc3 Ne4 9. Ne5 Bf5 10. Qb3 Nc6 11. Nxc6 bxc6 12. Nxe4 dxe4 13. Rd1 Qb6 14. Be3 Rfd8 15. Qc2 Bxd4 16. Bxd4 Rxd4 17. Rxd4 Qxd4 18. Rd1 Qe5 19. Qxc6 Rc8 20. Qb7 a5 21. Qb3 Rb8 22. Qe3 Rxb2 23. a3 Rb8 24. h3 h5 25. Rd4 Kg7 26. h4 Rb3 27. Qxb3 Qxd4 28. e3 Qa1+ 29. Kh2 Qe5 30. Qc2 Qd5 31. Qc7 Kf6 32. Qc3+ e5 33. Qb2 Kg7 34. Qc3 Bd7 35. Bf1 Bc6 36. Kg2 Kf6 37. Qb2 Qc5 38. Be2 Bd5 39. Bf1 a4 40. Qb5 Qxb5 41. Bxb5 Bb3 42. Kf1 Ke7 43. Ke1 Kd6 44. Kd2 Kc5 45. Be8 Kd6 46. Kc3 Kc5 47. Bd7 Bd1 48. Kd2 Bb3 49. Be8 Kd6 50. Bb5 Kc5 51. Bd7 Kd6 52. Be8 Ke7 53. Bb5 Kd6 54. Kc3 Kc5 55. Be8 Be6 56. Bxa4 Bg4 57. Be8 Be6 58. a4 Bd5 59. Bd7 Kd6 60. Bc8 Kc5 61. Ba6 Bc6 62. Bc4 Bxa4 63. Bxf7 Bd1 64. Bxg6 Kd5 65. Bf5 Be2 66. Kb4 Bd1 67. Kb5 Bf3 68. Kb6 Kd6 69. Kb7 Ke7 70. Kc6 Kf6 71. Bc8 Be2 72. Kd5 Bd3 73. Bd7 Bc2 74. Be8 Bd1 75. Kxe4 Bc2+ 76. Kd5 Bb3+ 77. Kd6 Bd1 78. Bc6 Be2 79. Be4 Bd1 80. f4 exf4 81. gxf4 Bg4 82. Bc2 Bf5 83. e4 Bg4 84. e5+ Kf7 85. f5 1-0

[Event "London Mindsports Rapid"]
[Site "London"]
[Date "2022.09.11"]
[Round "1.6"]
[White "Patel, Zain"]
[Black "Shafi, Declan"]
[Result "1-0"]
[WhiteElo "1584"]
[BlackElo "2213"]
[PlyCount "109"]
[EventDate "2022.09.11"]
[EventType "swiss (rapid)"]
[EventRounds "9"]
[EventCountry "ENG"]
[SourceTitle "CBM 210 Extra"]
[Source "ChessBase"]
[SourceDate "2022.11.30"]
[SourceVersion "1"]
[SourceVersionDate "2022.11.30"]
[SourceQuality "1"]

1. d4 Nf6 2. Nf3 g6 3. c4 Bg7 4. Nc3 d5 5. cxd5 Nxd5 6. e4 Nxc3 7. bxc3 c5 8. h3 0-0 9. Be2 Nc6 10. Be3 Qa5 11. 0-0 Rd8 12. Bd2 e6 13. c4 Qc7 14. d5 exd5 15. cxd5 Nd4 16. Rc1 Qe7 17. Nxd4 Bxd4 18. Bf3 b5 19. Bc3 Bxc3 20. Rxc3 b4 21. Rc1 Ba6 22. Re1 Rac8 23. Qa4 Qd6 24. e5 Qb6 25. e6 Bb5 26. exf7+ Kxf7 27. Qb3 Rd6 28. Bg4 Rf8 29. Qe3 c4 30. Qe7+ Kg8 31. Be6+ Rxe6 32. Qxe6+ Qxe6 33. dxe6 c3 34. Re5 Bc4 35. Re4 Bxa2 36. Rxb4 Bxe6 37. Rxc3 a5 38. Ra4 Rf5 39. Rca3 Rf6 40. Rxa5 Kg7 41. Re3 Bf7 42. Rae5 h6 43. f3 g5 44. Kf2 Kg6 45. Kg3 Rf4 46. R3e4 Rf6 47. f4 Bb3 48. fxg5 hxg5 49. Rg4 Rf5 50. Rxf5 Kxf5 51. Rb4 Be6 52. Rb5+ Kg6 53. h4 gxh4+ 54. Kxh4 Kf6 55. g4 1-0

[Event "London Mindsports Rapid"]
[Site "London"]
[Date "2022.09.11"]
[Round "4.12"]
[White "Shafi, Declan"]
[Black "Landman, Aharon"]
[Result "1-0"]
[WhiteElo "2213"]
[BlackElo "1371"]
[PlyCount "121"]
[EventDate "2022.09.11"]
[EventType "swiss (rapid)"]
[EventRounds "9"]
[EventCountry "ENG"]
[SourceTitle "CBM 210 Extra"]
[Source "ChessBase"]
[SourceDate "2022.11.30"]
[SourceVersion "1"]
[SourceVersionDate "2022.11.30"]
[SourceQuality "1"]

1. d4 Nf6 2. Nf3 d5 3. g3 e6 4. Bg2 c5 5. 0-0 Nc6 6. c4 cxd4 7. Nxd4 Nxd4 8. Qxd4 Be7 9. Nc3 dxc4 10. Qxc4 0-0 11. Bf4 Qb6 12. Na4 Qb4 13. Qxb4 Bxb4 14. a3 Be7 15. Rac1 Nd5 16. Bxd5 exd5 17. Rfd1 Bg4 18. Rxd5 Bxe2 19. Re5 Bf3 20. Rxe7 Rfd8 21. Re3 Bc6 22. Nc3 Rd4 23. Rd1 Rad8 24. Rxd4 Rxd4 25. Kf1 f6 26. Re2 b5 27. Rd2 Rc4 28. Be3 a5 29. Rd4 Rxd4 30. Bxd4 b4 31. axb4 axb4 32. Ne2 Kf7 33. Ke1 Ke6 34. Kd2 g5 35. Nc1 f5 36. Nd3 Kd5 37. Nxb4+ Kxd4 38. Nxc6+ Ke4 39. Ke2 Kd5 40. Ne7+ Ke6 41. Nxf5 Kxf5 42. b4 Ke5 43. Kf3 h5 44. b5 Kd5 45. h4 gxh4 46. gxh4 Kc5 47. Kf4 Kxb5 48. Kg5 Kc5 49. Kxh5 Kd5 50. Kg6 Ke5 51. h5 Kf4 52. h6 Kg4 53. h7 Kf3 54. h8Q Kg4 55. f4 Kxf4 56. Qh5 Kg3 57. Qf5 Kh4 58. Qg5+ Kh3 59. Kf5 Kh2 60. Kf4 Kh1 61. Kf3 1-0

[Event "Dortmund Sparkassen op 49th"]
[Site "Dortmund"]
[Date "2022.07.24"]
[Round "9"]
[White "Shafi, Declan"]
[Black "Hausrath, Daniel"]
[Result "1/2-1/2"]
[WhiteElo "2222"]
[BlackElo "2478"]
[PlyCount "106"]
[EventDate "2022.07.16"]
[EventType "swiss"]
[EventRounds "9"]
[EventCountry "GER"]
[SourceTitle "CBM 209 Extra"]
[Source "ChessBase"]
[SourceDate "2022.09.30"]
[SourceVersion "1"]
[SourceVersionDate "2022.09.30"]
[SourceQuality "1"]

1. d4 Nf6 2. Nf3 g6 3. g3 Bg7 4. Bg2 0-0 5. 0-0 c6 6. b3 a5 7. c4 a4 8. Nc3 axb3 9. Qxb3 d6 10. e4 e5 11. d5 Na6 12. Ba3 cxd5 13. cxd5 b6 14. Rfb1 Nc5 15. Bxc5 bxc5 16. Nd2 Ng4 17. h3 Nf6 18. Nc4 Ba6 19. Nb5 Ne8 20. Qc3 f5 21. a4 fxe4 22. Qa5 e3 23. fxe3 Qg5 24. Kh2 e4 25. Ra3 Qxd5 26. Nb6 Qg5 27. Nxa8 Be5 28. Qe1 Nf6 29. Nac7 Bc8 30. Nc3 Qh4 31. Ne2 g5 32. Kg1 Qh6 33. Rb8 d5 34. Rxc8 Rxc8 35. Nb5 g4 36. h4 d4 37. Nf4 Qf8 38. Ra1 d3 39. Rb1 Qd8 40. Qd2 c4 41. Nc3 Qa5 42. Nxe4 Qxd2 43. Nxd2 c3 44. Nxd3 cxd2 45. a5 Bxg3 46. a6 Bb8 47. Kf2 Ba7 48. Ke2 Re8 49. Kxd2 Bxe3+ 50. Kd1 Rd8 51. Ke2 Re8 52. Kd1 Rd8 53. Ke2 Re8 1/2-1/2

[Event "BCF-chT 2122 (4NCL)"]
[Site "England"]
[Date "2022.06.26"]
[Round "11.105"]
[White "Shafi, Declan"]
[Black "Graham, David Bruce"]
[Result "1-0"]
[WhiteElo "2188"]
[BlackElo "2128"]
[PlyCount "124"]
[EventDate "2021.11.27"]
[EventType "team-swiss"]
[EventRounds "11"]
[EventCountry "ENG"]
[SourceTitle "EXT 2023"]
[Source "ChessBase"]
[SourceDate "2022.10.05"]
[SourceVersion "1"]
[SourceVersionDate "2022.10.05"]
[SourceQuality "1"]
[WhiteTeam "Alba"]
[BlackTeam "Sussex Martlets"]
[WhiteTeamCountry "ENG"]
[BlackTeamCountry "ENG"]

1. d4 d5 2. Nf3 Nf6 3. g3 e6 4. Bg2 Be7 5. 0-0 0-0 6. c4 c6 7. Nc3 Nbd7 8. Qd3 b6 9. cxd5 exd5 10. Bd2 Bb7 11. Rab1 a5 12. Rfc1 b5 13. Ne1 a4 14. b3 a3 15. b4 Nb6 16. e4 Nc4 17. exd5 Nxd5 18. Nxd5 cxd5 19. Nc2 Bg5 20. Bxg5 Qxg5 21. h4 Qf6 22. Ne3 Rfd8 23. Rc3 g6 24. Rbb3 Qd6 25. Qd1 Ra4 26. Nc2 Rda8 27. Qc1 Kg7 28. h5 h6 29. hxg6 fxg6 30. Bh3 Bc8 31. Bxc8 Rxc8 32. Nxa3 Rca8 33. Nxb5 Qb6 34. Na3 Qxd4 35. Nxc4 Rxa2 36. Ne3 Ra1 37. Rc7+ Kg8 38. Rb1 Rxb1 39. Qxb1 Ra1 40. Rc1 Rxb1 41. Rxb1 Qe4 42. Rb2 d4 43. Nf1 d3 44. b5 Qe5 45. Rb1 Qd5 46. b6 Qb7 47. Nd2 Kf7 48. Ne4 Qxe4 49. b7 d2 50. b8Q Qe1+ 51. Kg2 d1Q 52. Qf4+ Ke8 53. Rb8+ Qd8 54. Rxd8+ Kxd8 55. Qd6+ Kc8 56. Qxg6 Qd2 57. Qe6+ Kc7 58. Qe3 Qd5+ 59. f3 Qh5 60. Qd4 Qg6 61. g4 Qg5 62. Kg3 Qc1 1-0

[Event "FIDE World Uni Blitz-C 1st"]
[Site "Tornelo INT"]
[Date "2021.03.13"]
[Round "5.29"]
[White "Kollias, Ioannis K"]
[Black "Shafi, Declan"]
[Result "1-0"]
[WhiteElo "1721"]
[BlackElo "2166"]
[PlyCount "45"]
[EventDate "2021.03.13"]
[EventType "swiss (blitz)"]
[EventRounds "10"]
[EventCountry "NET"]
[SourceTitle "EXT 2022"]
[Source "ChessBase"]
[SourceDate "2021.10.06"]
[SourceVersion "1"]
[SourceVersionDate "2021.10.06"]
[SourceQuality "1"]

1. d4 Nf6 2. Bg5 Ne4 3. Bf4 d5 4. e3 e6 5. Bd3 c5 6. Bxe4 dxe4 7. Nc3 cxd4 8. exd4 Bb4 9. Nge2 0-0 10. 0-0 f5 11. a3 Bd6 12. Bxd6 Qxd6 13. d5 exd5 14. Qxd5+ Qxd5 15. Nxd5 Na6 16. Ne7+ Kh8 17. Rfd1 Be6 18. Nf4 Bg8 19. Rd7 Nc5 20. Rc7 b6 21. Rd1 g5 22. Neg6+ hxg6 23. Nxg6# 1-0